載入...
Word Processing
| 主要作者: | |
|---|---|
| 格式: | Printed Book |
| 出版: |
Van Nostrand Reinhold Company, New York
1980
|
| LEADER | 00331nam a2200109 4500 | ||
|---|---|---|---|
| 082 | |||
| 100 | |a Rod Van Uchelen | ||
| 245 | |a Word Processing |c Rod Van Uchelen | ||
| 260 | |a Van Nostrand Reinhold Company, New York |c 1980 | ||
| 942 | |c BK | ||
| 999 | |c 195339 |d 195339 | ||
| 952 | |0 0 |1 0 |4 0 |7 0 |9 208688 |a DCI |b DCI |d 2019-10-29 |l 0 |p DCI1746 |r 2019-10-29 |w 2019-10-29 |y BK | ||